00247nam a2200109Ia 4500008004100000041001200041082001100053100001800064245004300082260000600125650000600131221030s9999 xx 000 0 und d aEnglish a105.23 aM. L. Jhingan 0aMacroeconomic Theroycby M. L. Jhingan c0 aB